| 000 | 04142nam a2200385 a 4500 | ||
|---|---|---|---|
| 001 | 000013498 | ||
| 005 | 20200929163240.0 | ||
| 008 | 150130s2012 dr ac 000 0 spa d | ||
| 020 | _a9789945173918 (v. 1) | ||
| 020 | _a9789945173925 (v. 2) | ||
| 020 | _a9789945173932 (v. 3) | ||
| 020 | _a9789945173949 (v. 4) | ||
| 020 | _a9789945173956 (v. 5) | ||
| 020 | _a9789945173970 (v. 6) | ||
| 020 | _a9789945173987 (v. 7) | ||
| 020 | _a9789945173994 (v. 8) | ||
| 040 |
_aDO-SdBNP _bspa _cBNPHU |
||
| 082 |
_axxxx _bxxxx |
||
| 245 | 0 | 0 |
_aLengua y literatura : _beducación básica / _ccoordinación editorial Anna Rogero Soler ; ilustraciones Laura Arias. |
| 260 |
_aSanto Domingo : _bSM, _c2012. |
||
| 300 |
_a8 v. : _bil., retrs. ; _c29 cm. |
||
| 490 | 1 | _aProyecto Sé | |
| 500 | _aeducación básica | ||
| 505 | 1 |
_av. 1 : _gunidad 1 -- _t¡Voy a aprender! -- _gunidad 2 -- _tYo soy así -- _gunidad 3 -- _tCuido mi cuerpo -- _gunidad 4 -- _tComo mi familia, ninguna -- _gunidad 5 -- _tLa gente que me rodea -- _gunidad 6 -- _tUn viaje a la diversión -- _gunidad 7 -- _tCuido mi planeta -- _gunidad 8 -- _tNecesitan de mí -- _gunidad 9 -- _tUn merecido descanso -- |
|
| 505 | 1 |
_av. 2 : _gunidad 1 -- _tMe gusta ser así -- _gunidad 2 -- _tPalabras mágicas -- _gunidad 3 -- _t¡Que viva la comprensión! -- _gunidad 4 -- _t¡Correo! -- _gunidad 5 -- _tOrgullo de mi familia -- _gunidad 6 -- _tPuedo vencer el miedo -- _gunidad 7 -- _t¡A jugar se ha dicho! -- _gunidad 8 -- _tTe cuento un cuento -- _gunidad 9 -- _tMe comunico con el mundo -- _gunidad 10 -- _t¡No te rindas! -- _gunidad 11 -- _tUna lección para aprender -- |
|
| 505 | 1 |
_av. 3 : _gunidad 1 -- _tSoy importante -- _gunidad 2 -- _tMe comunico con los demás -- _gunidad 3 -- _tMe encanta el mundo animal -- _gunidad 4 -- _tPongo todo mi esfuerzo -- _gunidad 5 -- _tMi país y sus paisajes -- _gunidad 6 -- _tMi cultura -- _gunidad 7 -- _tLugares imaginarios -- _gunidad 8 -- _tDebajo de las olas -- _gunidad 9 -- _tComparto lo que sé -- _gunidad 10 -- _tLas artes: domingo, lunes, martes... _gunidad 11 -- _tLeo, leo ¿qué lees? -- |
|
| 505 | 1 |
_av. 4 : _gunidad 1 -- _tLas palabras -- _gunidad 2 -- _t¡Dame la mano! -- _gunidad 3 -- _tLa paz, y ya verás -- _gunidad 4 -- _tA veces me enojo -- _gunidad 5 -- _t¡Última hora! -- _gunidad 6 -- _tRespeto mi entorno -- _gunidad 7 -- _tSe buscan héroes -- _gunidad 8 -- _tTambién soy caribeño -- _gunidad 9 -- _tEl paisaje de mi país -- _gunidad 10 -- _tMe expreso -- _gunidad 11 -- _tMe conecto -- |
|
| 505 | 1 |
_av. 5 : _gunidad 1 -- _tAbramos camino -- _gunidad 2 -- _tJuntos logramos más -- _gunidad 3 -- _tCuento con tu opinión -- _gunidad 4 -- _tAsí se hace -- _gunidad 5 -- _t¡Qué lengua ma mía! -- _gunidad 6 -- _t¡Lo máximo! -- _gunidad 7 -- _tEstoy informado -- _gunidad 8 -- _t¡A reverdecer! -- _gunidad 9 -- _tAlcanzar el éxito -- _gunidad 10 -- _t¡En escena! -- |
|
| 505 | 1 |
_av. 6 : _gunidad 1 -- _tHablamos español -- _gunidad 2 -- _tMejoro día a día -- _gunidad 3 -- _tQuiero decir unas palabras -- _gunidad 4 -- _tMe gusta lo que hago -- _gunidad 5 -- _tMe informo -- _gunidad 6 -- _t¿Qué está sucediendo? -- _gunidad 7 -- _tRecordar es vivir -- _gunidad 8 -- _tPaís limpio: hogar sano -- _gunidad 9 -- _tAbracemos la naturaleza -- _gunidad 10 -- _tLa red nos acerca -- |
|
| 505 | 1 |
_av. 7 : _gunidad 1 -- _tTe contaré sobre mí -- _gunidad 2 -- _tMi voz entre tantas otras -- _gunidad 3 -- _tDos son más que uno -- _gunidad 4 -- _t...¿y por qué? -- _gunidad 5 -- _tSoñar para creer -- _gunidad 6 -- _tSoy responsable -- _gunidad 7 -- _tAbajo las fronteras -- _gunidad 8 -- _tLeer nos hace grandes -- _gunidad 9 -- _tHoy por ti... -- _gunidad 10 -- _tEl mundo en mis manos -- |
|
| 505 | 1 |
_av. 8 : _gunidad 1 -- _t¿Quién soy? -- _gunidad 2 -- _tHáblame en buen español -- _gunidad 3 -- _tTanto que aprender -- _gunidad 4 -- _tUn mundo abreviado -- _gunidad 5 -- _tte tiendo la mano -- _gunidad 6 -- _tTodos tenemos una historia -- _gunidad 7 -- _tArte por todas partes -- _gunidad 8 -- _tSiembra un árbol hoy -- _gunidad 9 -- _tEs cuestión de esfuerzo -- _gunidad 10 -- _tDéjame convercerte -- |
|
| 700 | 1 |
_aRogero Soler, Anna _eger. ed. _930656 |
|
| 700 | 1 |
_aArias, Laura _eil. _930830 |
|
| 830 | 0 |
_aProyecto Sé _922850 |
|
| 999 |
_c13122 _d13122 |
||